Estadísticas para Capitales Asiáticas más Adivinadas

Haz click aquí para intentar la prueba.

Estadísticas generales

  • Esta prueba ha sido intentada 2.026 veces
  • La puntuación promedio es 6 de 10

Estadísticas de respuestas

%Capital% Correcto
96Pekín
97%
95Tokio
97%
93Nueva Delhi
83%
95Seúl
83%
89Ankara
52%
87Manila
51%
89Teherán
51%
87Bagdad
50%
87Singapur
44%
88Kabul
36%

Distribución de puntuación

Porcentaje por número respondido

Porcentaje de gente con cada puntuación

Historial de tus puntuaciones

No has intentado esta prueba.